000 00641nam a2200217Ii 4500
003 JO-AjNU
008 230605s9999||||xx |||||||||||||| ||und||
017 _a2004/5/1043
040 _aJO-AjNU
_bara
_erda
_cJO-AjNU
041 _aara
050 1 4 _aPJ7840.U74.L39 2004
100 3 _aتأليف الجندي ،كوثر,
_eauthor
_949544
245 0 0 _aليس بعد الآن
250 _aط1
264 3 1 _aعمان:وزارة الثقافة،2004
300 _a111ص
336 _atext
_btxt
_2rdacontent
337 _aunmediated
_bn
_2rdamedia
338 _avolume
_bnc
_2rdacarrier
650 4 _aالأدب العربي - قصص
_949545
999 _aA21767
_c25335
_d25335